Multiculturalidad y pluralismo /
Đã lưu trong:
| Tác giả chính: | |
|---|---|
| Định dạng: | Texto |
| Những chủ đề: | |
| Các nhãn: |
Thêm thẻ
Không có thẻ, Là người đầu tiên thẻ bản ghi này!
|
MARC
| LEADER | 00000 a a2200000 04500 | ||
|---|---|---|---|
| 001 | 18235 | ||
| 003 | |||
| 040 | |||
| 100 | |a Tapia, Luis | ||
| 245 | |a Multiculturalidad y pluralismo / |c Luis Tapia | ||
| 650 | |a PLURALISMO CULTURAL | ||
| 650 | |a PLURALISMO POLITICO | ||
| 650 | |a INTEGRACION CULTURAL | ||
| 650 | |a ACULTURACION | ||
| 650 | |a DERECHOS CIVILES | ||
| 650 | |a PARTIDOS POLITICOS | ||
| 650 | |a DEMOCRACIA | ||
| 773 | |g número 82; páginas 67-77 | ||
| 999 | |c 33420 |d 33420 | ||
